000 00942nam0a22002651 4500
001 rc\2698807
005 20250623165404.0
035 _a(NLR Aleph) 006826954
090 _a6503743
_c6503743
100 _a20110915d1934 |||y0rusy50 ca
101 0 _arus
102 _aRU
105 _aae j |||||
200 1 _aУчебник русского языка для 5-го класса осетинской школы...
_fС. Ф. Андреев, С. С. Джанаев
210 _aОрджоникидзе
_cизд. и типо-фото-цинк. изд-ва "Растдзинад"
_d1934
215 _aПереплет, 159, [5] с.
_cил.
_d22х15 см.
300 _aИл.: Н. Кочетов
700 1 _aАндреев
_bС.Ф.
_gСемен Федорович
701 1 _aДжанаев
_bС.С.
801 0 _aRU
_bNLR
_gpsbo
801 1 _aRU
_bELAR
_2rusmarc
852 _aNLR
_j34-4/2305
942 _cBOOK
980 _aNB